000 01200nam a2200325 i 4500
001 768714001
003 CO-MdFUSB
005 20220725121022.0
007 ta
008 210812t1985 enk |||| |||| 00| 0 eng d
020 _a0232516421
040 _aCO-MdFUSB
_bspa
_cCO-MdFUSB
_dCO-MdFUSBC
_erda
041 _aeng
082 _223
_a261.835
_bV258
100 _aVanier, Jean,
_eautor
245 _aMan and woman he made them
_c/ Jean Vanier ; prefacio por Henri J. M. Nouwen
264 1 _aInglaterra :
_bDarton, Longman and Todd,
_c[1985]
264 4 _c© 1985
300 _a177 páginas
_c; 22 cm
336 _2rdacontent
_atexto
_btxt
337 _2rdamedia
_asin mediación
_bn
338 _2rdacarrier
_avolumen
_bnc
505 _aEl corazón herido. -- La educación y sus demandas. -- La relación entre hombre y mujer. -- Un lugar para el corazón. La comunidad: lugar de integración sexual. -- El célibe viviendo en comunidad. -- Unidad en el matrimonio. -- Fecundidad y bienvenida a la muerte. -- Una celebración de la unidad
563 _aRústico
650 0 _91346
_aSexo
653 _aaspectos religiosos
942 _cBK
945 _aJTF-925
999 _c66809
_d66809